000
00318nam a2200133Ia 4500
008
231017s9999 xx 000 0 und d
082
_a
625.8
082
_b
PRO
245
0
_a
NCHRP Report 573
245
0
_c
Transportation research board
260
_b
Transportation research board
300
_c
30cm
942
_c
REP
999
_c
606242
_d
606242